000 00428nam a2200157Ia 4500
008 230312s9999||||xx |||||||||||||| ||und||
020 _a81-7319-480-7
082 _a621.3815
_bRED-E
100 _aReddy,S.Rama
245 0 _aElectronic Devices and Circuits
260 _bNarosa Publishing House
_aIndia
_c2004
300 _a294
546 _aEng.
650 _aEngineering
_vElectron Ballastics,Semiconductor Basics
942 _cBK
999 _c1659
_d1659